| 000 | 00661nas a2200205 a 4500 | ||
|---|---|---|---|
| 001 | 000039760 | ||
| 003 | DLC | ||
| 005 | 20240903154615.0 | ||
| 008 | 130718c19829999dr tr1p d 0 0spa d | ||
| 040 |
_aDO-SdBNP _bspa _cBNPHU _erda |
||
| 245 | 0 | 0 |
_aINDOTÉCNICA : _brevista del Instituto Dominicano de Tecnología Industrial. |
| 246 | 0 | _aRevista Indotécnica | |
| 260 |
_aSanto Domingo : _bINDOTEC, _c1982. |
||
| 300 |
_aNo. : _bil. ; _c28 cm. |
||
| 310 | _aCuatrimestral | ||
| 362 | 0 | _aInicia con: Año1:no.1 (abril 1982). | |
| 500 | _aDirectora Melba Baéz de Erazo | ||
| 651 | 4 |
_aRepública Dominicana _vPUBLICACIONES PERIÓDICAS _925092 |
|
| 942 |
_2ddc _cISSUE |
||
| 999 |
_c39250 _d39250 |
||